Delinquency in Australia: a critical appraisal

Guardado en:  
Detalles Bibliográficos
Otros Autores: Wilson, Paul R. 1941- (Editor)
Tipo de documento: Print Libro
Lenguaje:Inglés
Publicado: St. Lucia Univ. of Queensland Pr. 1977
En:Año: 1977
Disponibilidad en Tübingen:Disponible en Tübingen.
IFK: B II 50
UB: KB 8 A 210
Verificar disponibilidad: HBZ Gateway
Servicio de pedido Subito: Pedir ahora.
Palabras clave:

MARC

LEADER 00000cam a22000002c 4500
001 1093854200
003 DE-627
005 20251224220524.0
007 tu
008 910411s1977 xx ||||| 00| ||eng c
035 |a (DE-627)1093854200 
035 |a (DE-576)023854200 
035 |a (DE-599)BSZ023854200 
035 |a (OCoLC)03454159 
040 |a DE-627  |b ger  |c DE-627  |e rakwb 
041 |a eng 
082 0 |a 364.4/0994 
245 0 0 |a Delinquency in Australia  |b a critical appraisal  |c Ed. by Paul R. Wilson 
264 1 |a St. Lucia  |b Univ. of Queensland Pr.  |c 1977 
300 |a VIII, 269 S. 
336 |a Text  |b txt  |2 rdacontent 
337 |a ohne Hilfsmittel zu benutzen  |b n  |2 rdamedia 
338 |a Band  |b nc  |2 rdacarrier 
583 1 |a Archivierung prüfen  |c 20200919  |f DE-640  |z 3  |2 pdager 
689 0 0 |d g  |0 (DE-588)4003900-6  |0 (DE-627)106388347  |0 (DE-576)208853154  |a Australien  |2 gnd 
689 0 1 |d s  |0 (DE-588)4033178-7  |0 (DE-627)10458503X  |0 (DE-576)209000511  |a Kriminalität  |2 gnd 
689 0 |5 (DE-627) 
700 1 |a Wilson, Paul R.  |d 1941-  |e Hrsg.  |0 (DE-588)104681950X  |0 (DE-627)777082780  |0 (DE-576)421099178  |4 edt 
951 |a BO 
ELC |b 1 
LOK |0 000 xxxxxcx a22 zn 4500 
LOK |0 001 2162738511 
LOK |0 003 DE-627 
LOK |0 004 1093854200 
LOK |0 005 20020606000000 
LOK |0 008 910411||||||||||||||||ger||||||| 
LOK |0 040   |a DE-21  |c DE-627  |d DE-21 
LOK |0 852   |a DE-21 
LOK |0 852 1  |c KB 8 A 210  |9 00 
LOK |0 935   |a krim 
LOK |0 936ln  |a k8.2 
LOK |0 939   |a 11-04-91  |b l01 
LOK |0 000 xxxxxcx a22 zn 4500 
LOK |0 001 216273852X 
LOK |0 003 DE-627 
LOK |0 004 1093854200 
LOK |0 005 20020607000000 
LOK |0 008 921106||||||||||||||||ger||||||| 
LOK |0 040   |a DE-21-110  |c DE-627  |d DE-21-110 
LOK |0 852   |a DE-21-110 
LOK |0 852 1  |c B II 50  |m p  |9 00 
LOK |0 935   |a k110 
LOK |0 936ln  |a 6.5 
LOK |0 938   |k p 
LOK |0 939   |a 06-11-92  |b l01 
ORI |a SA-MARC-krimdoka001.raw 
SIG |a IFK: B II 50 
SIG |a UB: KB 8 A 210 
TIM |a 100019010101_100020261231  |b 1901 - 2026